<?xml version="1.0" encoding="UTF-8"?><?xml-stylesheet type="text/xsl" href="static/style.xsl"?><OAI-PMH xmlns="http://www.openarchives.org/OAI/2.0/" xmlns:xsi="http://www.w3.org/2001/XMLSchema-instance" xsi:schemaLocation="http://www.openarchives.org/OAI/2.0/ http://www.openarchives.org/OAI/2.0/OAI-PMH.xsd"><responseDate>2026-04-17T06:40:16Z</responseDate><request verb="GetRecord" identifier="oai:www.recercat.cat:10256/21204" metadataPrefix="marc">https://recercat.cat/oai/request</request><GetRecord><record><header><identifier>oai:recercat.cat:10256/21204</identifier><datestamp>2024-05-22T11:29:59Z</datestamp><setSpec>com_2072_452966</setSpec><setSpec>com_2072_2054</setSpec><setSpec>col_2072_452968</setSpec></header><metadata><record xmlns="http://www.loc.gov/MARC21/slim" xmlns:dcterms="http://purl.org/dc/terms/" xmlns:xsi="http://www.w3.org/2001/XMLSchema-instance" xmlns:doc="http://www.lyncode.com/xoai" xsi:schemaLocation="http://www.loc.gov/MARC21/slim http://www.loc.gov/standards/marcxml/schema/MARC21slim.xsd">
   <leader>00925njm 22002777a 4500</leader>
   <datafield ind2=" " ind1=" " tag="042">
      <subfield code="a">dc</subfield>
   </datafield>
   <datafield ind2=" " ind1=" " tag="720">
      <subfield code="a">Micaló Pinsach, Ferran</subfield>
      <subfield code="e">author</subfield>
   </datafield>
   <datafield ind2=" " ind1=" " tag="260">
      <subfield code="c">2018-06</subfield>
   </datafield>
   <datafield ind2=" " ind1=" " tag="520">
      <subfield code="a">Aquest projecte conté els documents que descriuen el disseny d’una barrera retràctil per evitar o gestionar el pas de vehicles en determinades zones. El disseny està preparat per aturar fins a vehicles de 6.800 kg a 50 km/h. Aquest disseny és un prototip, per tant, primer s’haurà de posar a prova amb els diferents tests d’impacte i després a un procés de optimització.&#xd;
Les zones on s’ha escollit la col·locació d’aquesta barrera són al carrer de Maria Aurèlia Capmany i Farnés, que creua la Universitat de Girona i és una zona on només poden passar-hi vehicles autoritzats de la universitat, i a l’Avinguda de Montilivi, que en dies de partit del Girona FC s’hi talla el trànsit per tal d’evitar el pas de vehicles a la zona del voltant de l’Estadi de Montilivi. &#xd;
Degut a les característiques de la carretera, s’ha decidit posar-hi barreres de falques, que al ser mes allargades farà innecessari instal·lar-ne tantes com de bol·lards.&#xd;
La barrera està constituïda per tres parts: la placa d’impacte, el mecanisme d’elevació i el bloc de formigó, tot i que aquest darrer element no s’estudiarà. &#xd;
La placa d’impacte és la part de la barrera que sobresurt del bloc de formigó i rep l’impacte del vehicle. Està constituïda per diverses planxes que ajuden a que no es deformi ni trenqui i aguanti l’impacte dels diversos tests. &#xd;
El mecanisme d’elevació és el sistema pel qual la placa d’impacte és capaç d’aixecar-se i posar-se en la posició activa. Per tal d’aconseguir l’esmentat moviment s’utilitzen tres subconjunts de quatre barres articulades que, gràcies a la força que produeix un pistó unit al subconjunt central, permeten fer aquest moviment de rotació ascendent de la placa d’impacte. Totes les barres articulades, cargols i bolons han estat dissenyats per aguantar les forces que produeix l’impacte d’un vehicle de 6.800 kg a 80 km/h. &#xd;
Tot el mecanisme està fet d’acer normalitzat AISI 4340, ja que ofereix unes característiques més elevades que l’acer comú i per aquest tipus d’usos on els esforços són molt elevats, es necessita d’un acer d’altes prestacions&#xd;
El cost total d’aquest projecte és de vint-i-cinc mil quatre-cents quaranta-sis euros amb trenta-dos cèntims (25446,32 €).&#xd;
Tot i que l’objectiu del projecte s’ha assolit i que en gran mesura les especificacions s’han complert, no s’ha pogut aconseguir un factor de seguretat prou adient per a alguns dels testos que s’han estudiat, ja que, en casos d’impacte el factor de seguretat ha de ser superior a 3; tot i així, tots els testos tenen factors de seguretat de més de 1</subfield>
   </datafield>
   <datafield ind1="8" ind2=" " tag="024">
      <subfield code="a">http://hdl.handle.net/10256/21204</subfield>
   </datafield>
   <datafield tag="653" ind2=" " ind1=" ">
      <subfield code="a">Prototips (Enginyeria)</subfield>
   </datafield>
   <datafield tag="653" ind2=" " ind1=" ">
      <subfield code="a">Zones de vianants -- Catalunya -- Girona</subfield>
   </datafield>
   <datafield tag="653" ind2=" " ind1=" ">
      <subfield code="a">Circulació urbana -- Catalunya -- Girona</subfield>
   </datafield>
   <datafield tag="653" ind2=" " ind1=" ">
      <subfield code="a">Prototypes, Engineering</subfield>
   </datafield>
   <datafield tag="653" ind2=" " ind1=" ">
      <subfield code="a">Pedestrian areas -- Catalunya -- Girona</subfield>
   </datafield>
   <datafield tag="653" ind2=" " ind1=" ">
      <subfield code="a">City traffic -- Catalunya -- Girona</subfield>
   </datafield>
   <datafield ind2="0" ind1="0" tag="245">
      <subfield code="a">Disseny d'una barrera retràctil per gestionar o evitar la circulació de vehicles en zones de vianants</subfield>
   </datafield>
</record></metadata></record></GetRecord></OAI-PMH>